01738 am a2200421 a 450000500170000000800410001702000150005804100080007310000230008124500530010425000670015726000360022430000220026050001150028265300520039765300430044965300490049265300270054165300460056865300500061465300260066465300270069065300450071765300990076265300390086165300220090065300580092265300310098065300360101165300310104765300300107865300240110865300490113265300360118165300330121765300460125070000200129620240416133902.0131117t2006||||ag a f |||| 001 0 spa d a9871259042 aspa1 akazerooni, Ella A. aRadiología cardiopulmonar /cElla A. Kazerooni a1a ed.bTraducción Mariano M. Volpacchio y Mario Santamarina aBuenos Aires: bJournal;c2006. a664 p.c28x20 cm. akazerooni, E. A. y Gross, B. H. (Col.). (2006). Radiología cardiopulmonar. (1a ed.). Buenos Aires : Journal. aAnatomía y fisiología torácicas básicas aMétodos de imágenes y aplicaciones aIntroducción a la radiografía de tórax aInforme radiográfico aNeumonía en pacientes inmunocompetentes aInfecciones en el paciente inmunocomprometido aCáncer del pulmón aNeoplasias torácicas aRadiología de las masas del mediastino aEvaluación del tórax en el paciente en estado crítico mediante métodos por imágenes  aVías, tubos y otros dispositivos aTrauma de tórax aManifestaciones pulmonares de enfermedades sistemicas aEnfermedad pulmonar difusa aEnfermedad pulmonar obstructiva aLas vias aéras centrales aRadiología de la pleura aLa aorta torácica aEnfermedad cardíaca congénita del adulto aEnfermedad cardíaca adquirida aEnfermedad vascular pulmonar aTécnicas de intervencionismo torácico1 aGross, Barry H.